01089nam a22001817a 4500008004100000020001500041050001600056100002100072245012700093250001200220260002600232300002700258500005100285505052300336650001800859700001500877700001500892111209t xxu||||| |||| 00| 0 eng d a063117947x aHB172.5.A79 aAttfield, C.L.F. aRational expectation in macroeconomics: an introduction to theory and evidence /cC.L.F. Attfield, D. Demery and N.W. Duck a2nd ed. aCambridge:bBlackwell ax,243 p.:bill.c23cm. aIncludes bibliographical references and index. aContents: Expectations in the macroeconomics -- The Theory of rational expectations -- Testing the rational expectations hypothesis -- Rational expectations and a flexible-price macroeconomic model -- Criticisms of the flexible-price rational expectations model -- Rational expectations and macroeconomics: Two influential empirical studies -- Criticism and reappraisal of the Lucas and Barro models -- Real business cycle theory -- Rational expectations and the permanent-income hypothesis -- Summary and conclusions. aMacroeconomic aDemery, D. aDuck, N.W.